| 000 | 00361 a2200109 4500 | ||
|---|---|---|---|
| 082 | _aBEE-5 | ||
| 100 |
_aAfroze Ibrahim Baqapuri _992470 |
||
| 245 |
_aTwitter Sentiment Analysis _cAfroze Ibrahim Baqapuri |
||
| 500 | _aSupervisors: Dr. Muhammad Usman Ilyas, Dr. Ali Mustafa Qamar | ||
| 856 | _uhttp://10.250.8.41:8080/xmlui/handle/123456789/9632 | ||
| 942 |
_2ddc _cPR |
||
| 999 |
_c11286 _d11286 |
||